000 00472nam a2200145Ia 4500
008 100122s9999 xx 000 0 und d
082 _b18272
_a821
100 _aकानिटकर माधव
245 _aबीज ज्ञानेश्वरी
260 _bप्रपंच प्रकाशन
_c1905
300 _a187
630 _aबीज ज्ञानेश्वरी
730 _aबीज ज्ञानेश्वरी
942 _cBOOK
999 _c407702
_d407699